[Event "GER rap8 FSM/F01 email"]
[Site "GER email"]
[Date "2013.07.02"]
[Round "?"]
[White "Ensenbach, Marc"]
[Black "Rockendorf, Paul Uwe"]
[Result "1/2-1/2"]
[WhiteElo "2007"]
[BlackElo "2120"]
[PlyCount "93"]
[EventDate "2013.07.08"]
[EventType "tourn (corr)"]
[EventRounds "4"]
[EventCountry "GER"]
[SourceTitle "Corr 2015"]
[Source "ChessBase"]
[SourceDate "2015.07.17"]
[SourceVersion "1"]
[SourceVersionDate "2015.07.17"]
[SourceQuality "1"]

1. d4 Nf6 2. c4 e6 3. Nf3 b6 4. a3 Bb7 5. Nc3 d5 6. cxd5 Nxd5 7. Bd2 Be7 8. Qc2 0-0 9. e4 Nxc3 10. Bxc3 Nd7 11. Bc4 c5 12. d5 exd5 13. Bxd5 Bxd5 14. exd5 Bd6 15. 0-0 Nf6 16. Rfd1 Nxd5 17. Rxd5 Bxh2+ 18. Nxh2 Qxd5 19. Nf1 Rad8 20. Ne3 Qd3 21. Qa4 Qd7 22. Qa6 f6 23. a4 Rfe8 24. a5 Qc6 25. Re1 Rd7 26. axb6 axb6 27. b4 cxb4 28. Bxb4 h6 29. Rb1 Qe4 30. Qa2+ Kh7 31. Bc3 Ra8 32. Qb2 Rc8 33. Be1 Rd6 34. Qb4 Qxb4 35. Bxb4 Rd3 36. Be1 Rc6 37. g4 Kg6 38. Kf1 Rd4 39. f3 h5 40. gxh5+ Kxh5 41. Bf2 Kg6 42. Nf5 Rd7 43. Rb5 Rc2 44. Ne3 Rc6 45. Kg2 Kf7 46. Rb4 Ra7 47. Nf5 1/2-1/2

[Event "GER-ch 2013-B-V4 serv"]
[Site "GER email"]
[Date "2013.04.23"]
[Round "?"]
[White "Rockendorf, Paul Uwe"]
[Black "Krebs, Juergen"]
[Result "1-0"]
[WhiteElo "2118"]
[BlackElo "2032"]
[PlyCount "49"]
[EventDate "2013.05.01"]
[EventType "tourn (corr)"]
[EventRounds "6"]
[EventCountry "GER"]
[SourceTitle "Corr 2015"]
[Source "ChessBase"]
[SourceDate "2015.07.17"]
[SourceVersion "1"]
[SourceVersionDate "2015.07.17"]
[SourceQuality "1"]

1. e4 c6 2. d4 d5 3. e5 Bf5 4. Nf3 e6 5. a3 Nd7 6. c4 dxc4 7. Bxc4 Nb6 8. Bd3 Ne7 9. Nc3 Bg4 10. 0-0 Nf5 11. h3 Bxf3 12. Qxf3 Nxd4 13. Qg3 g6 14. Be3 Nf5 15. Bxf5 gxf5 16. Rac1 a6 17. Rfd1 Qc7 18. Rd6 h5 19. Rcd1 Nc4 20. Na4 h4 21. Qf4 Nxe3 22. Qxe3 Be7 23. Nc5 Qb6 24. Qd4 0-0 25. b4 1-0

[Event "GER-ch 2013-B-V4 serv"]
[Site "GER email"]
[Date "2013.04.23"]
[Round "?"]
[White "Rockendorf, Paul Uwe"]
[Black "Seyb, Norbert"]
[Result "1-0"]
[WhiteElo "2118"]
[BlackElo "1823"]
[PlyCount "81"]
[EventDate "2013.05.01"]
[EventType "tourn (corr)"]
[EventRounds "6"]
[EventCountry "GER"]
[SourceTitle "Corr 2015"]
[Source "ChessBase"]
[SourceDate "2015.07.17"]
[SourceVersion "1"]
[SourceVersionDate "2015.07.17"]
[SourceQuality "1"]

1. e4 e5 2. Nf3 Nc6 3. Bc4 Bc5 4. c3 Nf6 5. d3 d6 6. Bb3 Bb6 7. Nbd2 Ne7 8. Nc4 Ng6 9. h3 0-0 10. 0-0 Be6 11. a4 Bxc4 12. Bxc4 c6 13. Re1 Rc8 14. Bg5 h6 15. Bxf6 Qxf6 16. a5 Bc7 17. g3 Qd8 18. b4 Qd7 19. Kg2 d5 20. Bb3 f5 21. c4 fxe4 22. dxe4 d4 23. c5+ Kh8 24. Re3 Rf6 25. Rd3 Rcf8 26. Ra2 a6 27. Nh2 Ne7 28. Ng4 Rg6 29. Rf3 Qe8 30. Rxf8+ Qxf8 31. Bc4 Ng8 32. Qb3 Nf6 33. Bf7 Rg5 34. f3 Qd8 35. Re2 Kh7 36. h4 Rxg4 37. fxg4 Nxg4 38. Qe6 Nf6 39. g4 Qd7 40. Qxd7 Nxd7 41. Be6 1-0

[Event "GER-ch 2013-A-V7 serv"]
[Site "GER email"]
[Date "2013.02.16"]
[Round "?"]
[White "Fischer, Detlev"]
[Black "Rockendorf, Paul Uwe"]
[Result "1/2-1/2"]
[WhiteElo "2081"]
[BlackElo "2119"]
[PlyCount "58"]
[EventDate "2013.02.25"]
[EventType "tourn (corr)"]
[EventRounds "6"]
[EventCountry "GER"]
[SourceTitle "Corr 2015"]
[Source "ChessBase"]
[SourceDate "2015.07.17"]
[SourceVersion "1"]
[SourceVersionDate "2015.07.17"]
[SourceQuality "1"]

1. Nf3 Nf6 2. d4 d5 3. c4 c6 4. e3 a6 5. Bd3 Bg4 6. h3 Bh5 7. Nbd2 e6 8. 0-0 c5 9. cxd5 Nxd5 10. Nb3 cxd4 11. Nbxd4 Be7 12. Qe2 Qd6 13. Rd1 Nd7 14. Bc4 Rd8 15. e4 Nf4 16. Qc2 Qb8 17. Bxf4 Qxf4 18. Bxe6 Ne5 19. Ne2 Nxf3+ 20. gxf3 Qf6 21. Bg4 Bxg4 22. fxg4 h5 23. Qc3 hxg4 24. Qxf6 Bxf6 25. Rxd8+ Bxd8 26. hxg4 Rh4 27. f3 Bc7 28. Rc1 Kd7 29. b4 Rh6 1/2-1/2

[Event "GER-ch 2013-A-V7 serv"]
[Site "GER email"]
[Date "2013.02.16"]
[Round "?"]
[White "Mergard, Hans Peter"]
[Black "Rockendorf, Paul Uwe"]
[Result "1/2-1/2"]
[WhiteElo "2039"]
[BlackElo "2119"]
[PlyCount "37"]
[EventDate "2013.02.25"]
[EventType "tourn (corr)"]
[EventRounds "6"]
[EventCountry "GER"]
[SourceTitle "Corr 2015"]
[Source "ChessBase"]
[SourceDate "2015.07.17"]
[SourceVersion "1"]
[SourceVersionDate "2015.07.17"]
[SourceQuality "1"]

1. e4 e5 2. Nf3 Nc6 3. d4 exd4 4. Nxd4 Nf6 5. Nxc6 bxc6 6. e5 Qe7 7. Qe2 Nd5 8. c4 Ba6 9. Nd2 g6 10. Nf3 Qb4+ 11. Kd1 Bg7 12. Qd2 Qxd2+ 13. Bxd2 Nb6 14. b3 0-0 15. c5 Bxf1 16. Rxf1 Nd5 17. Rc1 Rfe8 18. Re1 h6 19. Rc4 1/2-1/2

[Event "GER-ch 2013-A-V7 serv"]
[Site "GER email"]
[Date "2013.02.16"]
[Round "?"]
[White "Rockendorf, Paul Uwe"]
[Black "Emrich, Eiko"]
[Result "1/2-1/2"]
[WhiteElo "2119"]
[BlackElo "1994"]
[PlyCount "42"]
[EventDate "2013.02.25"]
[EventType "tourn (corr)"]
[EventRounds "6"]
[EventCountry "GER"]
[SourceTitle "Corr 2015"]
[Source "ChessBase"]
[SourceDate "2015.07.17"]
[SourceVersion "1"]
[SourceVersionDate "2015.07.17"]
[SourceQuality "1"]

1. e4 e6 2. d4 d5 3. Nc3 Nf6 4. e5 Nfd7 5. f4 c5 6. Nf3 Nc6 7. Be3 cxd4 8. Nxd4 Bc5 9. Qd2 0-0 10. 0-0-0 a6 11. h4 Nxd4 12. Bxd4 b5 13. Rh3 b4 14. Na4 Bxd4 15. Qxd4 a5 16. h5 Qc7 17. h6 g6 18. Kb1 Bb7 19. Rh2 Rfc8 20. g4 Ba6 21. b3 Bxf1 1/2-1/2

[Event "GER-ch 2012-G-V4 serv"]
[Site "GER email"]
[Date "2012.12.10"]
[Round "?"]
[White "Rockendorf, Paul Uwe"]
[Black "Buchhauser, Gerhard"]
[Result "1-0"]
[WhiteElo "2120"]
[BlackElo "1823"]
[PlyCount "69"]
[EventDate "2012.12.31"]
[EventType "tourn (corr)"]
[EventRounds "6"]
[EventCountry "GER"]
[SourceTitle "Corr 2015"]
[Source "ChessBase"]
[SourceDate "2015.07.17"]
[SourceVersion "1"]
[SourceVersionDate "2015.07.17"]
[SourceQuality "1"]

1. e4 e5 2. Nf3 Nc6 3. d4 exd4 4. Nxd4 Bc5 5. Nb3 Bb6 6. Nc3 Nf6 7. Qe2 0-0 8. Be3 d6 9. 0-0-0 Ng4 10. Bxb6 axb6 11. Kb1 Be6 12. h3 Nge5 13. f4 Nd7 14. g4 Bxb3 15. cxb3 Ra5 16. a3 Re8 17. g5 Nf8 18. h4 Ne6 19. Qf2 Kh8 20. b4 Ra8 21. f5 Nf8 22. f6 Ne5 23. Nd5 Ne6 24. fxg7+ Nxg7 25. h5 Ne6 26. Nf6 Re7 27. Bh3 c6 28. Rdg1 Nf8 29. Bf5 Kg7 30. Nxh7 Nxh7 31. g6 fxg6 32. hxg6 Nf6 33. Qd2 Ng8 34. Rf1 Nxg6 35. Bxg6 1-0

[Event "GER-ch 2012-G-V4 serv"]
[Site "GER email"]
[Date "2012.12.10"]
[Round "?"]
[White "Rockendorf, Paul Uwe"]
[Black "Poulheim, Karl Friedrich"]
[Result "1/2-1/2"]
[WhiteElo "2120"]
[BlackElo "2194"]
[PlyCount "51"]
[EventDate "2012.12.31"]
[EventType "tourn (corr)"]
[EventRounds "6"]
[EventCountry "GER"]
[SourceTitle "Corr 2015"]
[Source "ChessBase"]
[SourceDate "2015.07.17"]
[SourceVersion "1"]
[SourceVersionDate "2015.07.17"]
[SourceQuality "1"]

1. e4 e6 2. Nf3 c5 3. d4 cxd4 4. Nxd4 Nc6 5. Nb5 d6 6. Bf4 e5 7. Be3 Be6 8. N1c3 a6 9. Na3 Nf6 10. Nc4 b5 11. Nb6 Rb8 12. Nbd5 Ng4 13. Be2 Nxe3 14. Nxe3 Be7 15. a4 bxa4 16. Rxa4 Rxb2 17. Rxa6 Nd4 18. Qa1 Rb8 19. Bd3 Bc8 20. Ra8 Rxa8 21. Qxa8 0-0 22. Ncd5 Be6 23. Qxd8 Bxd8 24. f3 g6 25. Kf2 f5 26. Rb1 1/2-1/2

[Event "GER-ch 2012-F-V5 serv"]
[Site "GER email"]
[Date "2012.11.05"]
[Round "?"]
[White "Rockendorf, Paul Uwe"]
[Black "Traut, Gerhard"]
[Result "1/2-1/2"]
[WhiteElo "2120"]
[BlackElo "1932"]
[PlyCount "48"]
[EventDate "2012.11.19"]
[EventType "tourn (corr)"]
[EventRounds "6"]
[EventCountry "GER"]
[SourceTitle "Corr 2015"]
[Source "ChessBase"]
[SourceDate "2015.07.17"]
[SourceVersion "1"]
[SourceVersionDate "2015.07.17"]
[SourceQuality "1"]

1. e4 c5 2. Nc3 Nc6 3. f4 g6 4. Nf3 Bg7 5. Bc4 d6 6. 0-0 e6 7. d3 Nge7 8. Qe1 0-0 9. f5 gxf5 10. Qh4 fxe4 11. dxe4 Ng6 12. Qh5 Nce5 13. Be2 Nxf3+ 14. Rxf3 Qh4 15. Qxh4 Nxh4 16. Rd3 Ng6 17. Rxd6 b6 18. Be3 Be5 19. Rd2 Bb7 20. Rad1 Bxc3 21. bxc3 Bxe4 22. Bh6 Rfc8 23. Bb5 Bb7 24. c4 a6 1/2-1/2

[Event "GER-ch 2012-F-V5 serv"]
[Site "GER email"]
[Date "2012.11.05"]
[Round "?"]
[White "Walther, Joachim"]
[Black "Rockendorf, Paul Uwe"]
[Result "1/2-1/2"]
[WhiteElo "1970"]
[BlackElo "2120"]
[PlyCount "53"]
[EventDate "2012.11.19"]
[EventType "tourn (corr)"]
[EventRounds "6"]
[EventCountry "GER"]
[SourceTitle "Corr 2015"]
[Source "ChessBase"]
[SourceDate "2015.07.17"]
[SourceVersion "1"]
[SourceVersionDate "2015.07.17"]
[SourceQuality "1"]

1. d4 d5 2. c4 e6 3. Nc3 Nf6 4. Bg5 Be7 5. e3 h6 6. Bxf6 Bxf6 7. Nf3 0-0 8. Qd2 dxc4 9. Bxc4 Nd7 10. 0-0 c5 11. Rfd1 cxd4 12. Nxd4 Nb6 13. Be2 Bd7 14. Bf3 Rb8 15. Ne4 Be7 16. Nb3 Bc6 17. Qa5 Qe8 18. Nd4 Bd5 19. b3 Nd7 20. Nd2 Bxf3 21. N2xf3 a6 22. g3 Nf6 23. Kg2 Rd8 24. Rac1 Rd7 25. Qa4 Rd5 26. Qxe8 Rxe8 27. Re1 1/2-1/2

[Event "GER-ch 2012-D-V8 serv"]
[Site "GER email"]
[Date "2012.07.23"]
[Round "?"]
[White "Rockendorf, Paul Uwe"]
[Black "Seelig, Juergen"]
[Result "1-0"]
[WhiteElo "2064"]
[BlackElo "2145"]
[PlyCount "111"]
[EventDate "2012.08.13"]
[EventType "tourn (corr)"]
[EventRounds "6"]
[EventCountry "GER"]
[SourceTitle "Corr 2015"]
[Source "ChessBase"]
[SourceDate "2015.07.17"]
[SourceVersion "1"]
[SourceVersionDate "2015.07.17"]
[SourceQuality "1"]

1. e4 e5 2. Nf3 Nc6 3. Bb5 a6 4. Ba4 Nf6 5. 0-0 Be7 6. Re1 b5 7. Bb3 d6 8. c3 0-0 9. h3 Na5 10. Bc2 c5 11. d4 Qc7 12. Nbd2 cxd4 13. cxd4 Nc6 14. Nb3 a5 15. Be3 a4 16. Nbd2 Bd7 17. Rc1 Qb7 18. Qe2 Rfe8 19. Bd3 Rab8 20. dxe5 Nxe5 21. Nxe5 dxe5 22. Bc5 Be6 23. Bxe7 Qxe7 24. Bxb5 Red8 25. Nf3 Nh5 26. g3 Bxa2 27. Bc4 Bxc4 28. Rxc4 f6 29. Rd1 a3 30. bxa3 Qxa3 31. Rc7 Qa4 32. Rxd8+ Rxd8 33. Kg2 Qe8 34. Nh2 Kh8 35. Nf1 Qg6 36. Kh2 h6 37. Qg4 Kh7 38. Ne3 f5 39. Qxg6+ Kxg6 40. exf5+ Kh7 41. Re7 e4 42. Rxe4 Nf6 43. Ra4 Rd3 44. g4 Nd5 45. Nf1 Rc3 46. Kg2 Kg8 47. Ng3 Rc7 48. Nh5 Rb7 49. Ra8+ Kf7 50. Rd8 Nf6 51. Nf4 Ke7 52. Rd4 Kf7 53. Ng6 Ke8 54. Rd1 Rc7 55. f3 Rb7 56. h4 1-0

[Event "GER-ch 2012-D-V8 serv"]
[Site "GER email"]
[Date "2012.07.23"]
[Round "?"]
[White "Rockendorf, Paul Uwe"]
[Black "Traut, Gerhard"]
[Result "1-0"]
[WhiteElo "2064"]
[BlackElo "1926"]
[PlyCount "63"]
[EventDate "2012.08.13"]
[EventType "tourn (corr)"]
[EventRounds "6"]
[EventCountry "GER"]
[SourceTitle "Corr 2015"]
[Source "ChessBase"]
[SourceDate "2015.07.17"]
[SourceVersion "1"]
[SourceVersionDate "2015.07.17"]
[SourceQuality "1"]

1. e4 c5 2. Nf3 Nc6 3. d4 cxd4 4. Nxd4 Nf6 5. Nc3 e5 6. Ndb5 d6 7. Bg5 a6 8. Na3 b5 9. Nd5 Be7 10. Bxf6 Bxf6 11. c3 Bg5 12. Nc2 0-0 13. a4 bxa4 14. Rxa4 a5 15. Bc4 Rb8 16. b3 Kh8 17. Nce3 g6 18. Qe2 f5 19. h4 Bxe3 20. Qxe3 fxe4 21. h5 g5 22. Ra2 Bf5 23. 0-0 Kg7 24. f3 exf3 25. Rxf3 g4 26. h6+ Kh8 27. Rf1 g3 28. Qxg3 Rg8 29. Qe3 Be6 30. Nf6 Bxc4 31. bxc4 Rg6 32. Raf2 1-0

[Event "GER-ch 2012-D-V8 serv"]
[Site "GER email"]
[Date "2012.07.23"]
[Round "?"]
[White "Thoma, Eberhard"]
[Black "Rockendorf, Paul Uwe"]
[Result "0-1"]
[WhiteElo "1861"]
[BlackElo "2064"]
[PlyCount "128"]
[EventDate "2012.08.13"]
[EventType "tourn (corr)"]
[EventRounds "6"]
[EventCountry "GER"]
[SourceTitle "Corr 2015"]
[Source "ChessBase"]
[SourceDate "2015.07.17"]
[SourceVersion "1"]
[SourceVersionDate "2015.07.17"]
[SourceQuality "1"]

1. e4 e5 2. Nf3 Nc6 3. Bb5 a6 4. Ba4 Nf6 5. 0-0 Be7 6. Re1 b5 7. Bb3 d6 8. c3 0-0 9. h3 Bb7 10. d4 Re8 11. Nbd2 Bf8 12. a4 h6 13. d5 Nb8 14. c4 c6 15. axb5 axb5 16. Rxa8 Bxa8 17. cxb5 cxd5 18. exd5 Bxd5 19. Bxd5 Nxd5 20. Qb3 Nf6 21. Ne4 Nxe4 22. Rxe4 Nd7 23. Be3 Nf6 24. Ra4 d5 25. Ra7 Bd6 26. b6 Bb8 27. Ra4 Qd7 28. b7 d4 29. Bd2 Kh7 30. Rb4 Ne4 31. Rb5 f6 32. Qd3 f5 33. Rb4 Re7 34. Qb5 Qe6 35. Qb6 Qxb6 36. Rxb6 Rc7 37. g3 Rc2 38. Be1 d3 39. Rb3 Nc5 40. Rb5 e4 41. Nd2 Rc1 42. Kf1 Nxb7 43. Nb3 Rd1 44. Rxb7 e3 45. Kg2 Rxe1 46. fxe3 Be5 47. Kf3 Bxb2 48. Rd7 Rf1+ 49. Kg2 Rd1 50. Nd4 d2 51. Nf3 Bc3 52. Kf2 Kg6 53. Rd6+ Kf7 54. Rd3 Bb4 55. Rd4 Kf6 56. Rxb4 Rf1+ 57. Kxf1 d1Q+ 58. Kf2 Qc2+ 59. Kf1 Qc3 60. Rb6+ Kf7 61. Rb7+ Ke8 62. Rb8+ Kd7 63. Rb7+ Kd8 64. Ne1 g5 0-1

[Event "GER MS-162 email"]
[Site "GER email"]
[Date "2012.07.01"]
[Round "?"]
[White "Von Wnuck, Marek"]
[Black "Rockendorf, Paul Uwe"]
[Result "0-1"]
[WhiteElo "2053"]
[BlackElo "2064"]
[PlyCount "48"]
[EventDate "2012.07.09"]
[EventType "tourn (corr)"]
[EventRounds "6"]
[EventCountry "GER"]
[SourceTitle "Corr 2015"]
[Source "ChessBase"]
[SourceDate "2015.07.17"]
[SourceVersion "1"]
[SourceVersionDate "2015.07.17"]
[SourceQuality "1"]

1. e4 e5 2. f4 exf4 3. Nf3 g5 4. h4 g4 5. Ng5 h6 6. Nxf7 Kxf7 7. d4 d5 8. Bxf4 Nf6 9. Nc3 Kg7 10. Be2 dxe4 11. Qd2 Bd6 12. 0-0 Nc6 13. Bg5 Be7 14. d5 Ne5 15. Bxf6+ Bxf6 16. Nxe4 Bxh4 17. Qd4 Re8 18. Rad1 Qe7 19. Bb5 Rf8 20. Rxf8 Kxf8 21. Rf1+ Kg8 22. Ba4 Qg7 23. c3 Bd7 24. Bb3 Kh8 0-1

[Event "GER-ch 2012-B-V4 serv"]
[Site "GER email"]
[Date "2012.05.09"]
[Round "?"]
[White "Dorer, Manfred"]
[Black "Rockendorf, Paul Uwe"]
[Result "1/2-1/2"]
[WhiteElo "2158"]
[BlackElo "2108"]
[PlyCount "76"]
[EventDate "2012.05.15"]
[EventType "tourn (corr)"]
[EventRounds "6"]
[EventCountry "GER"]
[SourceTitle "Corr 2015"]
[Source "ChessBase"]
[SourceDate "2015.07.17"]
[SourceVersion "1"]
[SourceVersionDate "2015.07.17"]
[SourceQuality "1"]

1. e4 e5 2. Nf3 Nc6 3. Bb5 a6 4. Bxc6 dxc6 5. 0-0 f6 6. d4 exd4 7. Nxd4 c5 8. Ne2 Qxd1 9. Rxd1 Bd7 10. Be3 0-0-0 11. Nbc3 Re8 12. Rd2 Bc6 13. Rad1 b6 14. f3 Bd6 15. Bf4 Bxf4 16. Nxf4 Nh6 17. Nh5 Rhg8 18. Re2 Re5 19. g4 f5 20. f4 Re7 21. gxf5 Rf7 22. Ng3 g6 23. Nd5 gxf5 24. e5 Bxd5 25. Rxd5 Rg4 26. Rf2 Rfg7 27. Kg2 Ng8 28. Rd3 Rh4 29. h3 Ne7 30. Kh2 Rf7 31. Nf1 Ng6 32. Kg3 Rh6 33. Ne3 Nf8 34. Kh2 Ne6 35. Rd1 Kb7 36. Rf3 b5 37. Rd2 c4 38. Rd1 Rg6 1/2-1/2

[Event "GER-ch 2012-B-V4 serv"]
[Site "GER email"]
[Date "2012.05.09"]
[Round "?"]
[White "Rockendorf, Paul Uwe"]
[Black "Walther, Joachim"]
[Result "1-0"]
[WhiteElo "2108"]
[BlackElo "1950"]
[PlyCount "75"]
[EventDate "2012.05.15"]
[EventType "tourn (corr)"]
[EventRounds "6"]
[EventCountry "GER"]
[SourceTitle "Corr 2015"]
[Source "ChessBase"]
[SourceDate "2015.07.17"]
[SourceVersion "1"]
[SourceVersionDate "2015.07.17"]
[SourceQuality "1"]

1. e4 c5 2. Nf3 d6 3. d4 cxd4 4. Nxd4 Nf6 5. Nc3 a6 6. Be3 e5 7. Nb3 Be6 8. f3 Nbd7 9. Qd2 Be7 10. g4 h6 11. 0-0-0 b5 12. Kb1 Nb6 13. Na5 Qc7 14. Bxb6 Qxb6 15. Nd5 Bxd5 16. exd5 Rc8 17. Bd3 0-0 18. Be4 Nxe4 19. fxe4 b4 20. Nc6 Bh4 21. Qe2 a5 22. Rd3 a4 23. Rf1 Rc7 24. a3 bxa3 25. Rxa3 Ra8 26. Qc4 Rb7 27. b4 Rc7 28. Kb2 Bg5 29. Rfa1 Qf2 30. h3 Be3 31. Rxa4 Rxa4 32. Rxa4 Qg1 33. Qd3 Qc1+ 34. Kb3 Qb1+ 35. Kc4 Bd4 36. Ra8+ Kh7 37. c3 Qc1 38. Qf3 1-0